Library Logo

ড. কামাল হোসেন সম্মাননাগ্রন্থ : (Record no. 259450)

000 -LEADER
fixed length control field 01070nam a22002297a 4500
003 - CONTROL NUMBER IDENTIFIER
control field BD-DhUL
005 - DATE AND TIME OF LATEST TRANSACTION
control field 20240604152807.0
008 - FIXED-LENGTH DATA ELEMENTS--GENERAL INFORMATION
fixed length control field 240530s2024 bg ||||| |||| 00| 0 ben
020 ## - INTERNATIONAL STANDARD BOOK NUMBER
International Standard Book Number 9789849835035 (hbk)
040 ## - CATALOGING SOURCE
Original cataloging agency BD-DhUL
Transcribing agency BD-DhUL
082 ## - DEWEY DECIMAL CLASSIFICATION NUMBER
Classification number 320.092
Item number DRK
245 00 - TITLE STATEMENT
Title ড. কামাল হোসেন সম্মাননাগ্রন্থ :
Remainder of title বাংলাদেশের অভ্যুদয় ও বিকাশ /
Statement of responsibility, etc. সম্পাদনায় মির্জা হাসান, আসিফ নজরুল, শরীফ ভূঁইয়া।
260 ## - PUBLICATION, DISTRIBUTION, ETC. (IMPRINT)
Place of publication, distribution, etc. ঢাকা :
Name of publisher, distributor, etc. প্রথমা,
Date of publication, distribution, etc. ২০২৪।
300 ## - PHYSICAL DESCRIPTION
Extent ২২৩ পৃ. ;
Dimensions ২২ সেমি.
365 ## - TRADE PRICE
Price type code BDT
Price amount 550.00
600 1# - SUBJECT ADDED ENTRY--PERSONAL NAME
Personal name হোসেন, কামাল
General subdivision জীবনী।
600 1# - SUBJECT ADDED ENTRY--PERSONAL NAME
Personal name Hossain, Kamal
General subdivision Biography.
700 1# - ADDED ENTRY--PERSONAL NAME
Personal name হাসান, মির্জা
Relator term সম্পা.
700 1# - ADDED ENTRY--PERSONAL NAME
Personal name নজরুল, আসিফ
Relator term সম্পা.
700 1# - ADDED ENTRY--PERSONAL NAME
Personal name ভূঁইয়া, শরীফ
Relator term সম্পা.
942 ## - ADDED ENTRY ELEMENTS (KOHA)
Source of classification or shelving scheme
Koha item type Books
Holdings
Price effective from Date last seen Permanent Location Not for loan Date acquired Source of classification or shelving scheme Koha item type Lost status Withdrawn status Copy number Source of acquisition Collection code Damaged status Shelving location Barcode Current Location Public note Full call number
2024-05-302024-05-30Dhaka University LibraryNot For Loan2024-03-12 Books  1PurchasedNon Fiction Liberation War Collection513509Dhaka University Libraryমুক্তিযুদ্ধ বিষয়ক সেল320.092 DRK
2024-05-302024-05-30Dhaka University LibraryNot For Loan2024-03-12 Books  2PurchasedNon Fiction Liberation War Collection513510Dhaka University Libraryমুক্তিযুদ্ধ বিষয়ক সেল320.092 DRK
Last Updated on September 15, 2019
© Dhaka University Library. All Rights Reserved|Staff Login